Music Quiz

Random Music or Clip Quiz

50 'S' Songs by Clip Quiz Stats

 Plays Quiz Updated Aug 11, 2016

Challenge
Share
Tweet
Score 0/50 Timer 12:00
4 Plays Today
Time Song % Correct
2:34Sweet Home Alabama
92.1%
1:31Stand By Me
86.9%
1:45Stayin' Alive
86.5%
2:06Smells Like Teen Spirit
85.2%
3:02Summer Of '69
84.9%
1:52Sweet Child O' Mine
82.6%
4:12Single Ladies (Put A Ring On It)
81.5%
4:26Sweet Caroline
81.5%
4:33Surfin' USA
81.2%
0:07Shake It Off
81.2%
1:38Superstition
79.9%
5:29Smooth Criminal
79.1%
3:58Should I Stay Or Should I Go?
78.7%
1:03Somebody That I Used To Know
78.5%
0:56Stairway To Heaven
78.1%
2:13Seven Nation Army
75.6%
4:40Sound Of Silence
74.7%
3:37Stuck In The Middle With You
74.2%
1:59Somebody To Love
74%
3:44Stay With Me
71.2%
1:17Someone Like You
68.9%
2:20So What
66.9%
0:49Space Oddity
65%
5:08Sexy And I Know It
64.3%
0:21Stacy's Mom
63.8%
Time Song % Correct
3:09Sex On Fire
63.3%
1:10She Loves You
62.4%
0:28Sultans Of Swing
61.8%
4:47Song 2
61.3%
1:24Sympathy For The Devil
61.3%
5:22School's Out
61.1%
3:51Somebody Told Me
60.8%
0:35Sledgehammer
56%
0:42Smoke On The Water
54.9%
0:14Sunshine Of Your Love
54.9%
0:00Sail
52.8%
2:48Sunday Bloody Sunday
51.7%
5:43Sugar, We're Goin' Down
51.7%
5:15Suspicious Minds
51.5%
5:36Scar Tissue
49.7%
3:16Shiny Happy People
49.1%
2:41Sharp Dressed Man
48.7%
4:05Saturday Night's Alright (For Fighting)
46.6%
3:30Summertime Sadness
42.5%
5:01Sugar Sugar
38.3%
4:19Speed Of Sound
38.2%
4:54Super Trouper
33.8%
2:27Starlight
30.5%
2:55Skinny Love
27.2%
3:23Stay Another Day
15.6%

You're not logged in!

Compare scores with friends on all Sporcle quizzes.
OR
Log In

You Might Also Like...

Show Comments

Extras

Top Quizzes Today


Score Distribution

Your Account Isn't Verified!

In order to create a playlist on Sporcle, you need to verify the email address you used during registration. Go to your Sporcle Settings to finish the process.

Report this User

Report this user for behavior that violates our Community Guidelines.

Details: